000 00741nam a22002177a 4500
999 _c13887
_d13887
003 AR-CdUCM
008 190416b ||||| |||| 00| 0 spa d
020 _a958-04-7160-6
040 _aMUNICIPALIDAD PROVINCIAL DEL CUSCO
_cBIBLIOTECA MUNICIPAL DEL CUSCO
082 _aEP / 803 /
_bH41
100 _aHeredia, María Fernanda.
_932495
245 _aAmigo se escribe con H /
260 _aColombia :
_bGrupo editorial Norma,
_c2006.
300 _a125 paginas ;
_c19 cm.
440 _aColección torre de papel azul.
_932496
505 _aContenido :El vecino -- El diccionario -- La geografía -- La verdad -- El tiempo ...
650 _aCuentos
_9217
650 _aHistorietas
_910786
942 _2ddc
_cLIBROS
945 _arum
_d2019-04-16